How to be better at... giving presentations

Bibliographic Details
Main Author: Stevens, Michael
Format: Book
Published: London : Kogan Page , 2005
Subjects:

MARC

LEADER 00000cam a2200000 7i4500
001 0000037909
005 20131022.0
008 131022
020 |a 8175540796 
090 0 0 |a 658.452   |b STE 
100 1 |a Stevens, Michael 
245 1 0 |a How to be better at... giving presentations   |c Michael Stevens 
260 |a London :   |b Kogan Page ,   |c 2005 
650 0 |a Business communication 
650 0 |a Business presentation 
999 |a 0001243943   |b Book   |c Adult Collection   |e Perbadanan Perpustakaan Awam Johor 
999 |a 0001442137   |b Book   |c Adult Collection   |e Cawangan Tmn. Ungku Tun Aminah 
999 |a 0001618916   |b Book   |c Adult Collection   |e Cawangan Segamat